000 00598nam a2200229Ia 4500
005 20241129115831.0
008 241129s9999||||xx |||||||||||||| ||und||
020 _a9781032073163
037 _aTB
040 _aSDCL
_beng
_cSDCL
041 _aeng
_2eng
084 _aB334, R3
_qSDCL
100 _aWong M. W.
245 0 _aPartial differential equations : Topics in fourier analysis
250 _a2nd
260 _aBaca Raton
_bCRC Press
_c2023
300 _aix,197p.
365 _aGBP
_b74.99
650 _aMathematics
942 _cTB
_hB334, R3
999 _c1232213
_d1232213